| 000 | 01041nam a22003017a 4500 | ||
|---|---|---|---|
| 001 | 8450 | ||
| 003 | FISKH | ||
| 005 | 20250912115333.0 | ||
| 008 | 250912b cb ||||| |||| 00| 0 eng d | ||
| 020 | _a9780545283960 | ||
| 040 |
_aFISKH _beng _cFISKH _dFISKH |
||
| 050 | _aPZ7.C78555 P | ||
| 082 | _a823.914 | ||
| 100 | _aCooper, Helen | ||
| 245 |
_aPumpkin soup / _cBy Helen Cooper |
||
| 250 | _aFirst Scholastic printing, September 2010 | ||
| 260 |
_aNew York : _bScholastic , _c1998. |
||
| 300 |
_a32 unnumbered pages : _bcolor illustrations ; _c23 x 23 cm . |
||
| 490 |
_aPumpkin Soup _v1 |
||
| 505 | _aO | ||
| 520 | _aThe Cat and the Squirrel come to blows with the Duck in arguing about who will perform what duty in preparing their pumpkin soup, and they almost lose the Duck's friendship when he decides to leave them. | ||
| 521 | 8 |
_a610
_bLexile AD |
|
| 521 | 8 |
_aO
_bRaz-Plus |
|
| 650 |
_aPumpkin _vJuvenile Literature |
||
| 650 |
_aFall _vJuvenile Literature |
||
| 942 |
_2ddc _cBK _n0 |
||
| 999 |
_c8450 _d8450 |
||